000 00651nam a2200229Ia 4500
003 OSt
005 20220926002628.0
006 a|||||r|||| 00| 0
007 ta
008 220923b |||||||| |||| 00| 0 eng d
037 _cGeneral Book
040 _aRTL
_cRTL
_beng
041 _2eng
_aeng
082 _aX9:(Z).2.N7, L8
100 _aLal Sudarshan
_9306173
245 0 _aLegal requirements for setting up an industrial un
260 _a New Delhi
_bNavrang India
_c1978
300 _aviii,240p.
_ccm.
650 _aIndustrial Economy
942 _hX9:(Z).2.N7, L8
_cGB
_2CC
999 _c605653
_d605653